01752nam a2200169 4500999001900000008004100019100003300060245010400093260000900197300001500206520115100221700002401372773004501396906002101441942001201462952010801474 c509395d509395190507b ||||| |||| 00| 0 eng d aJanousek, Christian L.95142 aTheory-practice exchange in local government management: perspectives of practitioners and scholars c2018 ap.730-742. aThe connection of theory to practice in public administration represents a critical transfer of information between scholarship and application. This important relationship establishes a basis of exchange among those engaged in the field, a bond that may be most magnified and accessible at the local levels of government. This study examines the perspectives of practitioners and scholars toward improving the theory–practice exchange in local government management through a series of focus group interviews held at the International City/County Management Association (ICMA) annual conference over 4 years. The findings suggest that the scholar and practitioner communities agree on several approaches and principles that may contribute to enhancing the theory–practice exchange within the themes of research transaction, collaboration, and professionalism. These themes offer mutual contexts for theory–practice interactions, which may help to inform institutional integration and best practice models, and facilitate a functional coexistence of interdependence and improved exchangeability in local government management. - Reproduced. aBlair, Robert95143 aAmerican Review of Public Administration aLocal government 2ddccAR 00102ddc40709383340aIIPAbIIPAd2019-05-07h48(7), Oct, 2018: p.730-742.pAR119577r2019-05-07yAR